| 000 | 01092cam a22003134a 4500 | ||
|---|---|---|---|
| 001 | 2704 | ||
| 005 | 20240110133229.0 | ||
| 020 | _a9780062077400 (trade bdg.) | ||
| 040 |
_aDLC _cDLC _dDLC _beng |
||
| 050 | 0 | 0 |
_aPZ7.K936 _bMou 2012 |
| 082 | 0 | 0 |
_a813.6 _223 |
| 100 | 1 | _aKrovatin, Christopher | |
| 245 | 1 | 0 |
_aMountain of bones / _cChristopher Krovatin |
| 250 | _aFirst Scholastic printing, September 2013 | ||
| 260 |
_aNew York : _bScholastic, _c2012 |
||
| 300 |
_a323 pages ; _c20 cm |
||
| 490 | 0 |
_aGravediggers _vBook 1 |
|
| 505 | _aZ | ||
| 520 | _aDuring a class trip to the Montana woods, three sixth-graders, athletic Ian, sensitive PJ, and brainy Kendra, are separated from their group and must rely on each other to survive as they encounter zombies and more. | ||
| 521 |
_a890 _bLexile |
||
| 521 |
_aZ _bRaz-Plus |
||
| 650 | 1 |
_aSupernatural _vFiction. |
|
| 650 | 1 |
_aZombies _vFiction. |
|
| 650 | 1 |
_aInterpersonal relations _vFiction. |
|
| 650 | 1 |
_aNature _vFiction. |
|
| 650 | 1 |
_aHiking _vFiction. |
|
| 906 |
_a7 _bcbc _corignew _d1 _eecip _f20 _gy-gencatlg |
||
| 942 |
_2ddc _cBK _n0 |
||
| 999 |
_c2704 _d2704 |
||